ARRUPE JESUIT UNIVERSITY

CORONAVIRUS -STOP THE SPREAD - CLEAN,DISINFECT,COVER

The clue to pascal (Record no. 4760)

MARC details
000 -LEADER
fixed length control field 00484nam a2200193Ia 4500
003 - CONTROL NUMBER IDENTIFIER
control field 0100
008 - FIXED-LENGTH DATA ELEMENTS--GENERAL INFORMATION
fixed length control field 130227s9999 xx 000 0 und d
040 ## - CATALOGING SOURCE
Transcribing agency ARRUPELIB
050 ## - LIBRARY OF CONGRESS CALL NUMBER
Classification number B1903.C3
100 ## - MAIN ENTRY--PERSONAL NAME
Personal name Cailiet, Emile
9 (RLIN) 19259
245 #4 - TITLE STATEMENT
Title The clue to pascal
260 ## - PUBLICATION, DISTRIBUTION, ETC. (IMPRINT)
Place of publication, distribution, etc Philadelphia
260 ## - PUBLICATION, DISTRIBUTION, ETC. (IMPRINT)
Name of publisher, distributor, etc The Westminster Press
300 ## - PHYSICAL DESCRIPTION
Extent 187p.
300 ## - PHYSICAL DESCRIPTION
Other physical details 21cm.
600 ## - SUBJECT ADDED ENTRY--PERSONAL NAME
Personal name Pascal, Blaise
9 (RLIN) 16160
650 ## - SUBJECT ADDED ENTRY--TOPICAL TERM
Topical term following geographic name as entry element Renaissance, Humanisim- Europe
9 (RLIN) 19260
942 ## - ADDED ENTRY ELEMENTS (KOHA)
Source of classification or shelving scheme Library of Congress Classification
Item type Monograph ( Printed materials)
Holdings
Withdrawn status Lost status Source of classification or shelving scheme Damaged status Not for loan Home library Current library Date acquired Total Checkouts Full call number Barcode Date last seen Price effective from Koha item type Collection code Shelving location
    Library of Congress Classification     ARRUPE LIBRARY ARRUPE LIBRARY 31/08/2015   B1903.C134 46500000421 31/08/2015 31/08/2015 Monograph ( Printed materials)    
    Library of Congress Classification     ARRUPE LIBRARY ARRUPE LIBRARY 15/02/2016   B1903.C134 46500006229 15/02/2016 15/02/2016 Monograph ( Printed materials) Main Collection Main Collection

 

Arrupe Library. PO Box MP320 Mt Pleasant, Harare, Zimbabwe
263 242 745411|librarian@aju.ac.zw